La Balada del Gran Macabre / de Michel de Ghelderode ; traducció de Joan Argenté ; pròleg de Ricard Salvat
Descripción Física:
106 p. ; 18 cm
Colección:
Biblioteca teatral ; 13
MARC
| LEADER | 00000nam a2200000Ia 4500 | ||
|---|---|---|---|
| 001 | 8370 | ||
| 008 | 160829s1983 xx 000 0 cat d | ||
| 080 | |a L-1-205 | ||
| 100 | |a Ghelderode, Michel de |9 26181 | ||
| 245 | |a La Balada del Gran Macabre / de Michel de Ghelderode ; traducció de Joan Argenté ; pròleg de Ricard Salvat | ||
| 260 | |a Barcelona : |b Institut del Teatre de la Diputació de Barcelona, |c 1983 | ||
| 300 | |a 106 p. ; |c 18 cm | ||
| 490 | |a Biblioteca teatral ; 13 | ||
| 590 | |a Premi Josep M. de Sagarra, 1981 | ||
| 700 | 1 | |a Argenté, Joan |9 26180 | |
| 700 | |a Salvat, Ricard, pr. |9 26183 | ||
| 710 | 1 | |a Institut del Teatre (Barcelona, Catalunya) |9 52662 | |
| 901 | |a Arxiu | ||
| 942 | |n 1 | ||
| 952 | |0 0 |1 0 |4 0 |6 L1205 |7 1 |9 43913 |a Arxiu |b Arxiu |d 2016-12-01 |l 0 |o L-1-205 |p 8370 |r 2016-12-01 00:00:00 |w 2016-12-01 |y ARXIU | ||
| 999 | |c 46493 |d 46493 | ||